Most visited national parks in the USA - Statistics

General Stats
  • This quiz has been taken 704 times
    15 since last reset
  • The average score is 10 of 15
Answer Stats
visits national park % Correct
4,762,988 Yellowstone
93%
4,278,413 Yosemite
93%
4,430,653 Grand Canyon
86%
4,171,431 Rocky Mountains
86%
4,984,525 Zion
86%
4,079,318 Acadia
79%
11,527,939 Great Smoky Mountains
79%
3,136,557 Glacier
64%
3,270,404 Joshua Tree
57%
3,584,187 Olympic
57%
2,461,269 Bryce Canyon
50%
3,800,648 Grand Teton
50%
2,860,059 Cuyahoga Valley
43%
2,765,892 Indiana Dunes
43%
2,502,967 Hot Springs
36%
No matching quizzes found
Score Distribution
Percent of People with Each Score
Percentile by Number Answered
Your Score History
You have not taken this quiz since the last reset